000 00223nam a2200097Ia 4500
005 20251222114357.0
008 251222s1900||||xx |||||||||||||| ||spa||
082 _aDVD0070/B44K/1979
245 0 _aKramer vs. Kramer
942 _cDVD
999 _c1489
_d1489